000 00592nam a2200169 i 4500
001 83039
003 ES-MaACL
005 20230906174753.0
007 t|
008 041115s1965 sp ||||1| spa d
110 2 _aInstituto Nacional de la Vivienda (España)
_95174
245 1 0 _aMemoria de actividades
_b: 1964 /
_cInstituto Nacional de la Vivienda.
260 _a[Madrid] :
_bInstituto Nacional de la Vivienda,
_c[1965]
300 _a73 p., 10 lám. :
_bil. ;
_c23 cm.
610 2 4 _aInstituto Nacional de la Vivienda (España)-
_vMemorias.
_9170427
852 _aES-MaACL
_jC-30174
_bR.57970
999 _c83039
_d83039